| 000 | 01567nam0a2200361 4500 | ||
|---|---|---|---|
| 001 | RU\NLR\BIBL_A\022688734 | ||
| 005 | 20260420061553.0 | ||
| 010 |
_a978-5-17-179629-7 _93000 |
||
| 021 |
_aRU _bКН-П-25-065273 _9КН-П-25-6323 |
||
| 035 | _a(NLR Aleph) 022688734 | ||
| 090 |
_a13687042 _c13687042 |
||
| 100 | _a20251216d2025 b y0rusy50 ca | ||
| 101 | 1 |
_arus _cfre |
|
| 102 | _aRU | ||
| 105 | _aa z|||000ay | ||
| 181 | 0 |
_ab3 _bbb2e |
|
| 181 | 0 |
_ai2 _baxxe |
|
| 182 | 0 | _an | |
| 200 | 1 |
_aПриключеня слонёнка Бабара _e[для дошкольного возраста] _eЖан де Брюнофф _fпер. с фр. М. Вирозуб _g[иллюстрации автора] |
|
| 203 |
_aИзображение _aТекст _bвизуальные _cнепосредственные |
||
| 210 |
_aМосква _cАСТ, Малыш _d2025 |
||
| 215 |
_a229, [2] с. _cцв. ил. _d22 |
||
| 225 | 1 | _aЛюбиимые истории для детей | |
| 327 | 1 | _aСодерж.: Приключеня слонёнка Бабара; Путешествие Бабара; Король Бабара; Бабар и его семья; Рождество слонёнка Бабара | |
| 333 | _a0+ | ||
| 686 | 0 | _aШ9(4Фр)60-4 | |
| 700 | 1 |
_7ca _8rus _aБрюнофф _bЖ. де _f1899-1937 _gЖан де _9156143 _3RU\NLR\AUTH\770156182 |
|
| 942 | _cBOOK | ||
| 980 | _aNB | ||